Suomen kunnat - aakkosten eka - Statistics

Yleistilastot
  • Tätä visaa on pelattu 248 kertaa
  • Keskiarvotulos 13 / 21
Vastaustilastot
% Oikein
A Akaa
84%
I Ii
84%
B Brandö
80%
G Geta
77%
H Haapajärvi
72%
J Janakkala
71%
K Kaarina
70%
Ä Ähtäri
69%
E Eckerö
65%
F Finström
65%
M Maalahti
63%
N Naantali
63%
R Raahe
61%
S Saarijärvi
60%
L Lahti
58%
V Vaala
55%
O Orimattila
49%
U Ulvila
47%
P Padasjoki
38%
Y Ylitornio
38%
T Taipalsaari
35%
Ehtoja vastaavia visoja ei löytynyt
Tulosjakauma
Jokaisen tuloksen saaneiden osuus
Persentiili vastausten määrän mukaan
Tuloshistoriasi
Et ole pelannut tätä visaa